000
00282nam a22001217a 4500
020
_a
0-471-27627-8
082
_a
621.366 DRA
100
_a
DRAIN,L.E
_9
75298
245
_a
THE LASER DOPPLER TECHNIQUE
260
_a
NEW YORK
_b
JOHN WILEY & SONS
_c
1980
300
_a
241P
942
_c
BK
999
_c
580743
_d
580743